Operations & supply management

Gespeichert in:
Bibliographische Detailangaben
1. Verfasser: Jacobs, F. Robert
Weitere Verfasser: Chase, Richard B., Aquilano, Nicholas J.
Format: Buch
Sprache:Englisch
Veröffentlicht: New York McGraw-Hill Irwin 2009
Ausgabe:12th ed.
Schriftenreihe:Higher Education
Schlagworte:
Tags: Tag hinzufügen
Keine Tags, Fügen Sie das erste Tag hinzu!

MARC

LEADER 00000nam a2200000 4500
001 0121678
005 20240503112223.8
020 |a 978-0-07-128804-0 
041 0 |a eng 
044 |a US 
245 1 0 |a Operations & supply management  |c F. Robert Jacobs, Richard B. Chase, Nicholas J. Aquilano 
250 |a 12th ed. 
250 |a international ed. 
264 1 |a New York  |b McGraw-Hill Irwin  |c 2009 
300 |a xix, 776 s. 
490 1 |a Higher Education 
830 0 |a Higher Education 
610 2 0 |a manažment 
610 2 0 |a riadenie zásob 
610 2 0 |a ponuka 
610 2 0 |a dodávatelia 
610 2 0 |a stratégia podnikateľská 
610 2 0 |a riadenie projektové 
610 2 0 |a produkty 
610 2 0 |a dizajn 
610 2 0 |a proces výrobný 
610 2 0 |a logistika 
610 2 0 |a plánovanie 
100 1 |a Jacobs, F. Robert 
700 1 |a Chase, Richard B. 
700 1 |a Aquilano, Nicholas J.